Argentyna czy Francja? - Statystyki

Ogólne statystyki
  • Ten quiz został rozwiązany 6 438 razy
  • Średni wynik to 10 z 15
Statystyki odpowiedzi
Zagadnienie Odpowiedź % Poprawnych
Ma flagę z czerwonymi, białymi i niebieskimi paskami Francja
94%
Ma większą powierzchnię Argentyna
87%
Ma wyższy odsetek mieszkańców muzułmańskich Francja
86%
Posiada broń nuklearną Francja
85%
Tam urodził się Che Guevara Argentyna
80%
Jego nazwa pochodzi od łacińskiego słowa oznaczającego „srebro” Argentyna
76%
Szynszyle pochodzą z tego kraju Argentyna
76%
Ma terytorium w Ameryce Południowej Oba
74%
Ma większą populację Francja
72%
Ma wyższą maksymalną wysokość Argentyna
67%
Było miejscem narodzin papieża Oba
66%
Miał kobietę prezydenta Argentyna
48%
Prowadził wojnę przeciwko Wielkiej Brytanii Oba
45%
Kiedyś żyli tam neandertalczycy Francja
41%
Zajmuje terytorium na Antarktydzie Oba
37%
Nie znaleziono quizów pasujących do podanych kryteriów
Rozkład punktacji
Procent ludzi z każdym wynikiem
Percentyl według liczby udzielonych odpowiedzi
Twoja historia wyników
Nie rozwiązałeś tego quizu